[Event "CRO Cup"]
[Site "Mali Losinj"]
[Date "2017.05.10"]
[Round "1.12"]
[White "Spiranec, Miljenko"]
[Black "Blazeka, Matej"]
[Result "0-1"]
[WhiteElo "1808"]
[BlackElo "2333"]
[PlyCount "96"]
[EventDate "2017.05.10"]
[EventType "team-swiss"]
[EventRounds "6"]
[EventCountry "CRO"]
[SourceTitle "CBM 178 Extra"]
[Source "ChessBase"]
[SourceDate "2017.06.22"]
[SourceVersion "1"]
[SourceVersionDate "2017.06.22"]
[SourceQuality "1"]
[WhiteTeam "Varazdin"]
[BlackTeam "Zagreb Mladost"]
[WhiteTeamCountry "CRO"]
[BlackTeamCountry "CRO"]

1. Nf3 c5 2. g3 Nc6 3. Bg2 e5 4. d3 d5 5. 0-0 f6 6. Nbd2 Be6 7. e4 Nge7 8. Re1 Qd7 9. Nf1 d4 10. a4 c4 11. dxc4 Bxc4 12. b3 Be6 13. Ba3 Nc8 14. Bxf8 Kxf8 15. c3 dxc3 16. Qxd7 Bxd7 17. Rac1 Be6 18. Rxc3 Nb6 19. Ne3 Rd8 20. Bf1 Kf7 21. Nc4 Bxc4 22. Bxc4+ Nxc4 23. Rxc4 Rd3 24. Re3 Rxe3 25. fxe3 Rd8 26. Rc1 Rd3 27. b4 Rxe3 28. b5 Rxf3 29. bxc6 bxc6 30. Rxc6 Rd3 31. Rc7+ Kg6 32. Rc4 Rd4 33. Rc7 Rxa4 34. Kg2 Rxe4 35. Rxa7 Re2+ 36. Kg1 h5 37. h3 Kh6 38. Ra6 Kg5 39. Ra4 Rd2 40. Rb4 Kf5 41. Ra4 g5 42. Rb4 e4 43. Rb5+ Ke6 44. h4 gxh4 45. gxh4 f5 46. Rb6+ Ke5 47. Rh6 e3 48. Rxh5 Rd1+ 0-1

[Event "Ptuj op 6th"]
[Site "Ptuj"]
[Date "2011.08.18"]
[Round "9"]
[White "Spiranec, Miljenko"]
[Black "Bunjac, Branimir"]
[Result "0-1"]
[WhiteElo "1680"]
[BlackElo "1991"]
[PlyCount "80"]
[EventDate "2011.08.12"]
[EventType "swiss"]
[EventRounds "9"]
[EventCountry "SLO"]
[SourceTitle "CBM 143 Extra"]
[Source "ChessBase"]
[SourceDate "2011.08.29"]
[SourceVersion "1"]
[SourceVersionDate "2011.08.29"]
[SourceQuality "1"]

1. e4 c6 2. d3 d5 3. Nd2 Nd7 4. Ngf3 e5 5. g3 Ngf6 6. Bg2 Be7 7. 0-0 0-0 8. Re1 d4 9. Nc4 Qc7 10. Nh4 b5 11. Nd2 Re8 12. a4 Bb7 13. Nf5 a6 14. Nxe7+ Rxe7 15. Nb3 c5 16. axb5 axb5 17. Rxa8+ Bxa8 18. f4 Re8 19. fxe5 Nxe5 20. Bf4 Qb6 21. Kh1 Nfg4 22. Qa1 c4 23. Nc1 cxd3 24. Bxe5 d2 25. Nd3 dxe1Q+ 26. Qxe1 Nxe5 27. Nf4 f5 28. Nd5 Bxd5 29. exd5 Qf6 30. Qb4 Ng4 31. d6 Rd8 32. Qxb5 Rxd6 33. Bd5+ Kf8 34. Qb7 Qe7 35. Qc8+ Rd8 36. Qxf5+ Nf6 37. Bc4 Qe1+ 38. Kg2 Qe4+ 39. Qxe4 Nxe4 40. Bd3 Nc5 0-1

[Event "Ptuj op 6th"]
[Site "Ptuj"]
[Date "2011.08.17"]
[Round "8"]
[White "Skuhala, Jernej"]
[Black "Spiranec, Miljenko"]
[Result "1/2-1/2"]
[WhiteElo "1773"]
[BlackElo "1680"]
[PlyCount "58"]
[EventDate "2011.08.12"]
[EventType "swiss"]
[EventRounds "9"]
[EventCountry "SLO"]
[SourceTitle "CBM 143 Extra"]
[Source "ChessBase"]
[SourceDate "2011.08.29"]
[SourceVersion "1"]
[SourceVersionDate "2011.08.29"]
[SourceQuality "1"]

1. e4 c5 2. Nf3 d6 3. d4 cxd4 4. Nxd4 Nf6 5. Nc3 a6 6. Be3 e5 7. Nb3 Be6 8. f4 exf4 9. Bxf4 d5 10. e5 Ng8 11. Qf3 Bb4 12. 0-0-0 Bxc3 13. Qxc3 Nd7 14. Na5 Rc8 15. Qb4 Qc7 16. Bd3 Nc5 17. Kb1 Ne7 18. Be3 b5 19. Bxc5 Qxc5 20. Qxc5 Rxc5 21. Nb7 Rc6 22. Nd6+ Kd8 23. Rhf1 Rf8 24. Rd2 Nc8 25. Nb7+ Ke7 26. Na5 Rc7 27. Nb3 Nb6 28. Nd4 Nc4 29. Re2 Bg4 1/2-1/2

[Event "Ptuj op 6th"]
[Site "Ptuj"]
[Date "2011.08.15"]
[Round "5"]
[White "Spiranec, Miljenko"]
[Black "Cojhter, Karl"]
[Result "0-1"]
[WhiteElo "1680"]
[BlackElo "2109"]
[PlyCount "142"]
[EventDate "2011.08.12"]
[EventType "swiss"]
[EventRounds "9"]
[EventCountry "SLO"]
[SourceTitle "CBM 143 Extra"]
[Source "ChessBase"]
[SourceDate "2011.08.29"]
[SourceVersion "1"]
[SourceVersionDate "2011.08.29"]
[SourceQuality "1"]

1. e4 c6 2. d3 d5 3. Nd2 e5 4. Ngf3 Bd6 5. g3 Nf6 6. Bg2 0-0 7. 0-0 Re8 8. h3 Nbd7 9. Re1 Nf8 10. c3 Ng6 11. b4 d4 12. Bb2 dxc3 13. Bxc3 Bc7 14. Qc2 h6 15. a4 a5 16. bxa5 Bxa5 17. Bxa5 Qxa5 18. Nb3 Qb4 19. Qc4 Qxc4 20. dxc4 Be6 21. Nfd2 Red8 22. Bf1 Nf8 23. f3 Bc8 24. Red1 Ne6 25. c5 Kf8 26. Kf2 Ke7 27. Ke3 Nd4 28. Rdc1 Be6 29. Nxd4 Rxd4 30. a5 Rad8 31. Nc4 Nd7 32. Nb6 Nb8 33. h4 Rd2 34. Be2 Rb2 35. Rcb1 Rdd2 36. Rxb2 Rxb2 37. a6 bxa6 38. Bxa6 Rc2 39. Nc8+ Kd7 40. Nb6+ Ke7 41. Nc8+ Kf6 42. Nd6 Nxa6 43. Rxa6 Rxc5 44. Ra7 Rc3+ 45. Ke2 h5 46. Rc7 Kg6 47. Nf5 Kf6 48. Ne7 Bc4+ 49. Kf2 Rc2+ 50. Kg1 Be2 51. Kf2 Bd1+ 52. Kg1 Bxf3 53. Rxc6+ Rxc6 54. Nxc6 Bxe4 55. Nb4 Ke6 56. Kf2 Kd6 57. Ke3 Bb1 58. Kd2 f6 59. Kc1 Be4 60. Na2 Kd5 61. Nc3+ Kd4 62. Kd2 Bc6 63. Nd1 Bb5 64. Ke1 Ba4 65. Nf2 Ke3 66. g4 hxg4 67. Nxg4+ Kf4 68. Nf2 Be8 69. Ke2 Kg3 70. Ne4+ Kxh4 71. Ke3 Bc6 0-1

[Event "Hum na Sutli op"]
[Site "Hum na Sutli"]
[Date "2010.11.28"]
[Round "9"]
[White "Zarko, Ivica"]
[Black "Spiranec, Miljenko"]
[Result "1-0"]
[WhiteElo "1957"]
[BlackElo "1656"]
[PlyCount "69"]
[EventDate "2010.11.20"]
[EventType "swiss"]
[EventRounds "9"]
[EventCountry "CRO"]
[SourceTitle "CBM 139 Extra"]
[Source "ChessBase"]
[SourceDate "2011.01.05"]
[SourceVersion "1"]
[SourceVersionDate "2011.01.05"]
[SourceQuality "1"]

1. e4 d6 2. d4 Nf6 3. Nc3 g6 4. f4 Bg7 5. Nf3 c5 6. dxc5 Qa5 7. Bd3 Qxc5 8. Qe2 Bg4 9. h3 Bxf3 10. Qxf3 Nfd7 11. Bd2 Nc6 12. a3 Nd4 13. Qd1 a6 14. Rb1 b5 15. b4 Qc6 16. 0-0 e6 17. Ne2 Nb6 18. Be3 Nxe2+ 19. Qxe2 Rc8 20. f5 Nd7 21. fxe6 fxe6 22. Qg4 Ke7 23. Bg5+ Nf6 24. Rf3 Qc3 25. Rbf1 Rcf8 26. Kh1 Rf7 27. Bxb5 Qe5 28. Bxa6 Rhf8 29. Bd3 Kd7 30. Qh4 h5 31. Bf4 Qb2 32. Bc1 Qe5 33. Qf2 Ra8 34. Qb6 Ke8 35. Qc6+ 1-0

[Event "Sentjur Ipavec Memorial 11th"]
[Site "Sentjur"]
[Date "2010.09.19"]
[Round "5"]
[White "Pahole, Samanta"]
[Black "Spiranec, Miljenko"]
[Result "0-1"]
[WhiteElo "1579"]
[BlackElo "2000"]
[PlyCount "97"]
[EventDate "2010.09.17"]
[EventType "swiss"]
[EventRounds "9"]
[EventCountry "SLO"]
[SourceTitle "CBM 138 Extra"]
[Source "ChessBase"]
[SourceDate "2010.10.29"]
[SourceVersion "1"]
[SourceVersionDate "2010.10.29"]
[SourceQuality "1"]

1. Nf3 Nf6 2. g3 b6 3. Bg2 Bb7 4. 0-0 d5 5. c4 dxc4 6. Qa4+ Nbd7 7. Qxc4 e6 8. d3 Be7 9. Nc3 a6 10. Bf4 Bd6 11. Bxd6 cxd6 12. Qb4 Nb8 13. Nd4 Bxg2 14. Kxg2 0-0 15. Rfc1 b5 16. Kg1 Qd7 17. Qa3 Nc6 18. Nxc6 Qxc6 19. Ne4 Qb6 20. Qxd6 Qxd6 21. Nxd6 Rfd8 22. Nb7 Rdc8 23. Nd6 Rd8 24. Rc6 g6 25. Rac1 Nd5 26. Rc8 Raxc8 27. Rxc8 Rxc8 28. Nxc8 Kg7 29. a3 f5 30. e4 Nc7 31. f4 h6 32. Kf2 g5 33. fxg5 hxg5 34. exf5 exf5 35. h4 gxh4 36. gxh4 Nd5 37. Kf3 Kg6 38. Nd6 Kf6 39. h5 Kg5 40. h6 Kxh6 41. Nxf5+ Kg6 42. Ne3 Nb6 43. Ke4 Kf6 44. Nd5+ Nxd5 45. Kxd5 Ke7 46. Kc5 Kd7 47. Kb6 Kd6 48. Kxa6 Kc5 49. b4+ 0-1